Catalog

Record Details

Catalog Search



The King of Little Things / text by Bil Lepp ; ... Read More

Lepp, Bil, 1970-(Author).
Wenzel, David, 1950-(illustrator.).

Available copies

  • 0 of 1 copy available at LARL/NWRL Consortium.

Current holds

0 current holds with 1 total copy.

Show All Copies
Location Call Number / Copy Notes Barcode Shelving Location Status Due Date

Record details

  • ISBN: 9781561457083
  • Physical Description: pages cm
  • Publisher: Atlanta : Peachtree Publishers, 2013

Content descriptions

Summary, etc.:
"When King Normous decides to become king of the ... Read More
Subject: Kings, queens, rulers, etc. > Fiction.
Size > Fiction.
LDR 01211cam a22003138i 4500
001156085
003LARL_NWRL_CONSORTIUM
00520120911180927.0
008120911s2013 gau b 000 1 eng
010 . ‡a2012032584
020 . ‡a9781561457083
040 . ‡aDLC ‡beng ‡cDLC ‡erda
042 . ‡alcac ‡apcc
049 . ‡aNRG
05000. ‡aPZ7.L5556 ‡bKi 2013
08200. ‡a[E] ‡223
1001 . ‡aLepp, Bil, ‡d1970- ‡0(LARL_NWRL_CONSORTIUM)129640
24514. ‡aThe King of Little Things / ‡ctext by Bil Lepp ; illustrations by David Wenzel.
260 . ‡aAtlanta : ‡bPeachtree Publishers, ‡c2013
300 . ‡apages cm
336 . ‡atext ‡2rdacontent
337 . ‡aunmediated ‡2rdamedia
338 . ‡avolume ‡2rdacarrier
520 . ‡a"When King Normous decides to become king of the whole world, the King of Little Things--and his subjects--must find a way to outsmart Normous and keep their little kingdom safe"-- ‡cProvided by publisher.
650 1. ‡aKings, queens, rulers, etc. ‡vFiction.
650 1. ‡aSize ‡vFiction.
7001 . ‡aWenzel, David, ‡d1950- ‡eillustrator. ‡0(LARL_NWRL_CONSORTIUM)52206
901 . ‡a156085 ‡bISxN ‡c156085 ‡tbiblio

Additional Resources